|
|
|
|
| LEADER |
00000nam a2200000 4500 |
| 001 |
vtls011825787 |
| 003 |
SK-MaSNL |
| 005 |
20260301224051.0 |
| 008 |
250312s1950 xr g 000 f cze |
| 015 |
|
|
|a SNBA1950
|
| 020 |
|
|
|q (brožované)
|
| 035 |
|
|
|a urn:nbn:sk:snk-am00dbe9
|
| 035 |
|
|
|a urn:nbn:sk:snk-am3hwf8
|
| 035 |
|
|
|a 0484A5C0-D720-4DC8-ADBE-26DB950D8FA8
|
| 040 |
|
|
|a SNK
|b slo
|c SNK
|e rda
|
| 041 |
0 |
|
|a cze
|
| 044 |
|
|
|a xr
|c CZ
|
| 072 |
|
7 |
|a 821.162.4
|x Slovenská literatúra
|2 konspekt
|
| 080 |
|
|
|a 821.162.4
|2 2011
|
| 080 |
|
|
|a 821-31
|2 2011
|
| 100 |
1 |
|
|a Jilemnický, Peter,
|d 1901-1949
|4 aut
|9 108039
|
| 245 |
1 |
0 |
|a Vítr se vrací
|c Petr Jilemnický
|
| 250 |
|
|
|a 4. vyd., ve Svobodě třetí
|
| 264 |
|
1 |
|a Praha
|b Svoboda
|c 1950
|
| 300 |
|
|
|a 243 strán
|c 21 cm
|
| 336 |
|
|
|a text
|b txt
|2 rdacontent
|
| 337 |
|
|
|a bez média
|b n
|2 rdamedia
|
| 338 |
|
|
|a zväzok
|b nc
|2 rdacarrier
|
| 490 |
1 |
|
|a Knihy Fučíkova odznaku ČSM
|
| 650 |
0 |
7 |
|a slovenská literatúra
|2 SNKPH
|9 1115
|
| 650 |
0 |
7 |
|a Slovak literature
|2 SNKPHeng
|9 265073
|
| 655 |
|
7 |
|a romány
|2 SNKPH
|9 1390
|
| 655 |
|
7 |
|a Novels
|2 SNKPHeng
|9 352941
|
| 830 |
|
0 |
|a Knihy Fučíkova odznaku ČSM
|9 615809
|
| 852 |
|
|
|a Slovenská národná knižnica
|
| 958 |
|
|
|a LX
|
| 958 |
|
|
|a OND
|
| 999 |
|
|
|c 945921
|d 947851
|
| 952 |
|
|
|a SNK
|b SNK
|y PREZ
|7 0
|p 17A0730868
|o snkSC 4378
|i snk2038/50
|0 0
|1 0
|4 0
|d 2018-11-27
|f 1
|l 0
|r 2025-06-25 00:00:00
|w 2026-02-24
|